[Event "SVK-chT5 SE-SI 1920"]
[Site "Slovakia"]
[Date "2020.02.15"]
[Round "7.1"]
[White "Knapek, Adrian"]
[Black "Hyza, Richard"]
[Result "1-0"]
[WhiteElo "1442"]
[BlackElo "1208"]
[PlyCount "57"]
[EventDate "2019.10.19"]
[EventType "team-tourn"]
[EventRounds "14"]
[EventCountry "SVK"]
[SourceTitle "CBM 195 Extra"]
[Source "ChessBase"]
[SourceDate "2020.05.31"]
[SourceVersion "1"]
[SourceVersionDate "2020.05.31"]
[SourceQuality "1"]
[WhiteTeam "Myjava Spartak II"]
[BlackTeam "Gbely Nafta IV"]
[WhiteTeamCountry "SVK"]
[BlackTeamCountry "SVK"]

1. e4 Nf6 2. Nc3 d5 3. exd5 Nxd5 4. Nf3 Nxc3 5. bxc3 Nc6 6. Bc4 Bg4 7. h3 Bh5 8. 0-0 e6 9. g4 Bg6 10. d3 Bd6 11. Nd4 Nxd4 12. cxd4 Qf6 13. Be3 0-0 14. Qd2 h6 15. f4 Qh4 16. Qg2 c6 17. a4 Qd8 18. a5 Qc7 19. a6 b5 20. Bb3 Rab8 21. f5 exf5 22. gxf5 Bh7 23. Bxh6 Bh2+ 24. Kh1 Bg3 25. Be3 Bd6 26. Rg1 g6 27. fxg6 Bxg6 28. Qxg6+ Kh8 29. Qg7# 1-0

[Event "SVK-chT5 SE-SI 1920"]
[Site "Slovakia"]
[Date "2020.02.01"]
[Round "6.3"]
[White "Mraz, Jan"]
[Black "Knapek, Adrian"]
[Result "1-0"]
[WhiteElo "1636"]
[BlackElo "1442"]
[PlyCount "99"]
[EventDate "2019.10.19"]
[EventType "team-tourn"]
[EventRounds "14"]
[EventCountry "SVK"]
[SourceTitle "CBM 194 Extra"]
[Source "ChessBase"]
[SourceDate "2020.03.31"]
[SourceVersion "1"]
[SourceVersionDate "2020.03.31"]
[SourceQuality "1"]
[WhiteTeam "Jabuca Petrova Ves Gbely V"]
[BlackTeam "Myjava Spartak II"]
[WhiteTeamCountry "SVK"]
[BlackTeamCountry "SVK"]

1. d4 d5 2. e3 e6 3. Bd3 Nf6 4. Ne2 Bd6 5. Ng3 Nc6 6. a3 Bd7 7. 0-0 h6 8. b3 Qe7 9. c4 dxc4 10. bxc4 Bxg3 11. fxg3 Qd8 12. Nc3 Ne7 13. Rb1 b6 14. Qf3 0-0 15. e4 Ng6 16. Bb2 e5 17. d5 c6 18. h3 Nh7 19. h4 Qf6 20. Qe3 Qe7 21. Be2 Qc5 22. Qxc5 bxc5 23. a4 cxd5 24. cxd5 Rab8 25. Ba3 Rxb1 26. Rxb1 f5 27. Rb7 Bc8 28. Rc7 fxe4 29. Bxc5 Rd8 30. Bc4 Nf6 31. Rxa7 Bf5 32. Bb6 Re8 33. Rc7 Rb8 34. a5 Nd7 35. d6+ Kh7 36. Nd5 Ngf8 37. Ne7 Nxb6 38. axb6 Be6 39. Bxe6 Nxe6 40. b7 Nxc7 41. dxc7 Rxb7 42. c8Q Rxe7 43. Qf5+ g6 44. Qxe4 Kg7 45. g4 Kf6 46. h5 gxh5 47. gxh5 Rg7 48. Qc6+ Kg5 49. g4 Kxg4 50. Qg2+ 1-0

[Event "SVK-chT4 A21 1920"]
[Site "Slovakia"]
[Date "2019.10.27"]
[Round "2.5"]
[White "Nedorost, Lubomir"]
[Black "Knapek, Adrian"]
[Result "0-1"]
[WhiteElo "1575"]
[BlackElo "1491"]
[PlyCount "72"]
[EventDate "2019.10.13"]
[EventType "team-tourn"]
[EventRounds "11"]
[EventCountry "SVK"]
[SourceTitle "CBM 193 Extra"]
[Source "ChessBase"]
[SourceDate "2020.01.31"]
[SourceVersion "1"]
[SourceVersionDate "2020.01.31"]
[SourceQuality "1"]
[WhiteTeam "Piestany Kupele III"]
[BlackTeam "Myjava Spartak"]
[WhiteTeamCountry "SVK"]
[BlackTeamCountry "SVK"]

1. e4 e5 2. Nc3 Nf6 3. Bc4 Nc6 4. a4 a6 5. Ba2 Nd4 6. d3 Bc5 7. f4 d6 8. Nce2 Bg4 9. c3 Nxe2 10. Nxe2 c6 11. h3 Bxe2 12. Qxe2 g6 13. Be3 Nh5 14. Qf3 Bxe3 15. Qxe3 Nxf4 16. 0-0 Qg5 17. Qf3 f5 18. Rf2 0-0-0 19. Kh2 fxe4 20. Qxe4 d5 21. Qf3 Rhf8 22. b4 Ne6 23. Qe2 Rxf2 24. Qxf2 Rf8 25. Qe2 Nf4 26. Qd2 h5 27. c4 h4 28. cxd5 Qg3+ 29. Kh1 Nxd3 30. Qh6 Rf2 31. Qh8+ Kc7 32. Qg7+ Kb8 33. Rg1 Rxa2 34. Qf8+ Ka7 35. Qc5+ Nxc5 36. bxc5 cxd5 0-1

[Event "SVK-chT5 SE-SI 1819"]
[Site "Slovakia"]
[Date "2019.03.23"]
[Round "10.3"]
[White "Nater, Nikolas"]
[Black "Knapek, Adrian"]
[Result "0-1"]
[WhiteElo "1281"]
[BlackElo "1470"]
[PlyCount "84"]
[EventDate "2018.10.20"]
[EventType "team-tourn"]
[EventRounds "10"]
[EventCountry "SVK"]
[SourceTitle "EXT 2020"]
[Source "ChessBase"]
[SourceDate "2019.10.17"]
[SourceVersion "1"]
[SourceVersionDate "2019.10.17"]
[SourceQuality "1"]
[WhiteTeam "Senica CVC III"]
[BlackTeam "Myjava Spartak"]
[WhiteTeamCountry "SVK"]
[BlackTeamCountry "SVK"]

1. e4 e5 2. Nf3 Nc6 3. Bc4 h6 4. d3 Nf6 5. Nc3 Bb4 6. Bd2 d6 7. Nd5 Bxd2+ 8. Qxd2 Be6 9. Bb3 a6 10. Nxf6+ Qxf6 11. Bxe6 Qxe6 12. d4 exd4 13. Nxd4 Qxe4+ 14. Qe3 Qxe3+ 15. fxe3 Nxd4 16. exd4 Kd7 17. 0-0 f6 18. d5 Rae8 19. h3 Re2 20. Rf2 Rhe8 21. c4 b5 22. b3 Re1+ 23. Rxe1 Rxe1+ 24. Kh2 bxc4 25. bxc4 Rb1 26. Rc2 c6 27. Kg3 cxd5 28. cxd5 Rb5 29. Rd2 Rb4 30. Kf3 f5 31. Ke3 Ke7 32. g3 Kf6 33. Rd4 Rxd4 34. Kxd4 g5 35. g4 f4 36. Ke4 f3 37. Kxf3 Ke5 38. Ke3 Kxd5 39. Kd3 Ke5 40. Ke3 d5 41. a4 d4+ 42. Kd3 Kd5 0-1